| 000 | 00000nam##2200000za#4500 |
| 001 | 9.648894 |
| 003 | CaOODSP |
| 005 | 20210615113358 |
| 007 | ta |
| 008 | 150407|2002||||xxc||||| f|0| 0 eng|d |
| 020 | |z0-662-32978-3 |
| 040 | |aCaOODSP|beng |
| 043 | |an-cn--- |
| 086 | 1 |aA22-272/2002E |
| 110 | 1 |aCanada.|bAgriculture and Agri-Food Canada. |bRural Secretariat. |
| 245 | 10|aRural youth study, phase II, Rural youth migration : |bexploring the reality behind the myths / |cprepared by R.A. Malatest & Associates Ltd. |
| 260 | |aOttawa - Ontario : |bAgriculture and Agri-Food Canada. |c2002. |
| 300 | |a44p. : |bgraphs ; |c28 cm. |
| 500 | |aCatalogue number and ISBN of the electronic version printed on the paper version. "A rural youth discussion paper". "Canadian Rural Partnership Research".--Cover. |
| 563 | |aSpiral binding |
| 590 | |a03-17|b2003-04-25 |
| 690 | 07|aRural communities|2gcpds |
| 690 | 07|aYouth|2gcpds |
| 775 | 08|tJeunes des régions rurales, phase II, Migration des jeunes des régions rurales : |w(CaOODSP)9.682148 |
| 776 | 0#|tRural youth study, phase II, |w(CaOODSP)9.686346 |
| 776 | 0#|tRural youth migration : |w(CaOODSP)9.699473 |
| 986 | |a2146/E |